00908nam a2200277Ia 450000500170000000800280001702000180004510000340006324500740009725000350017130000260020650400270023265000360025965000350029565000320033065000400036270000390040294200150044126400250045633600270048133700330050833800280054104000350056908400110060499900150061520220317000306.0141031s9999 ck 000 0 spa d a97899784913171 aFlaubert, Gustave,d1821-188010aMadame Bovary cGustave Flaubert ; notas de María Rosa Pin Guerrero a2a ediciónb1a reimpresión a443 páginasc21 cm. aIncluye bibliografía142LEMBaNovela francesaySiglo XX142LEMBaMujeres en la literatura142LEMBaAmor en la literatura142LEMBaLiteratura francesaySiglo XX1 aPin Guerrero, María Rosa 913275 2loccBKLIT aQuitobLibresac2010 atextobtxt2rdacontent asin mediaciónbn2rdamedia avolumenbnc2rdacarrier aCO-BoRNBPbspaerdacCO-BoRNBP aN FLA2 c3640d3640